000 00323 a2200157 4500
001 56999
020 _a8502020307
040 _cAnchieta - Pituba
100 _aNeves, Antonio Carlos
240 1 0 _aFantasmas
_lpor
245 1 0 _aFantasmas
300 _a95
362 0 _a2005
650 4 _aLiteratura juvenil
942 _cBK
999 _c56999
_d56999